<?xml version="1.0" encoding="UTF-8"?>
<record
    xmlns:xsi="http://www.w3.org/2001/XMLSchema-instance"
    xsi:schemaLocation="http://www.loc.gov/MARC21/slim http://www.loc.gov/standards/marcxml/schema/MARC21slim.xsd"
    xmlns="http://www.loc.gov/MARC21/slim">

  <leader>00654nam a22001817a 4500</leader>
  <datafield tag="999" ind1=" " ind2=" ">
    <subfield code="c">109612</subfield>
    <subfield code="d">109612</subfield>
  </datafield>
  <controlfield tag="005">20200130102352.0</controlfield>
  <datafield tag="010" ind1=" " ind2=" ">
    <subfield code="a">B-245228</subfield>
  </datafield>
  <datafield tag="020" ind1=" " ind2=" ">
    <subfield code="c">150.00</subfield>
  </datafield>
  <datafield tag="035" ind1=" " ind2=" ">
    <subfield code="a">B-245228</subfield>
  </datafield>
  <datafield tag="037" ind1=" " ind2=" ">
    <subfield code="b">Cen Lib/Ret</subfield>
  </datafield>
  <datafield tag="082" ind1=" " ind2=" ">
    <subfield code="a">500</subfield>
  </datafield>
  <datafield tag="245" ind1=" " ind2=" ">
    <subfield code="a">&#x645;&#x648;&#x644;&#x627;&#x646;&#x627; &#x622;&#x632;&#x627;&#x62F; &#x6A9;&#x6D2;&#x633;&#x6CC;&#x627;&#x646;&#x633;&#x6CC; &#x645;&#x636;&#x627;&#x645;&#x6CC;&#x646; /</subfield>
    <subfield code="c">&#x645;&#x631;&#x62A;&#x628; &#x648; &#x645;&#x648;&#x644;&#x641; - &#x648;&#x6C1;&#x627;&#x628; &#x642;&#x6CC;&#x635;&#x631;</subfield>
  </datafield>
  <datafield tag="246" ind1=" " ind2=" ">
    <subfield code="a">Maulana Azaad ke Siyasi Muzamin / </subfield>
    <subfield code="b">edited by Wahab Qaisar</subfield>
  </datafield>
  <datafield tag="260" ind1=" " ind2=" ">
    <subfield code="a">&#x67E;&#x679;&#x646;&#x6C1;   </subfield>
    <subfield code="b">&#x62E;&#x62F;&#x627; &#x628;&#x62E;&#x634; &#x627;&#x648;&#x631; &#x64A;&#x646;&#x679;&#x644; &#x67E;&#x628;&#x6A9; &#x644;&#x627;&#x628;&#x631;&#x64A; </subfield>
    <subfield code="c">2006 &#x621;</subfield>
  </datafield>
  <datafield tag="270" ind1=" " ind2=" ">
    <subfield code="a">&#x62E;&#x62F;&#x627; &#x628;&#x62E;&#x634; &#x627;&#x648;&#x631; &#x64A;&#x646;&#x679;&#x644; &#x67E;&#x628;&#x6A9; &#x644;&#x627;&#x628;&#x631;&#x64A; </subfield>
    <subfield code="b">&#x67E;&#x679;&#x646;&#x6C1;   </subfield>
    <subfield code="e">4</subfield>
  </datafield>
  <datafield tag="300" ind1=" " ind2=" ">
    <subfield code="a">256&#x635;</subfield>
    <subfield code="c">20cm(Hb)</subfield>
  </datafield>
  <datafield tag="942" ind1=" " ind2=" ">
    <subfield code="2">ddc</subfield>
    <subfield code="c">UR</subfield>
    <subfield code="h">500</subfield>
    <subfield code="m">&#x627; &#x628; &#x648;</subfield>
  </datafield>
  <datafield tag="952" ind1=" " ind2=" ">
    <subfield code="0">0</subfield>
    <subfield code="1">0</subfield>
    <subfield code="4">0</subfield>
    <subfield code="7">0</subfield>
    <subfield code="a">L</subfield>
    <subfield code="b">L</subfield>
    <subfield code="d">2016-04-12</subfield>
    <subfield code="e">DPL</subfield>
    <subfield code="g">150.00</subfield>
    <subfield code="l">0</subfield>
    <subfield code="o">500 &#x627; &#x628; &#x648;</subfield>
    <subfield code="p">B-245228</subfield>
    <subfield code="r">2016-04-12 00:00:00</subfield>
    <subfield code="w">2016-04-12</subfield>
    <subfield code="y">UR</subfield>
  </datafield>
</record>
